| 000 | 00818nam a22002177a 4500 | ||
|---|---|---|---|
| 999 |
_c19915 _d19915 |
||
| 003 | AR-CdUCM | ||
| 008 | 190514b ||||| |||| 00| 0 spa d | ||
| 040 |
_aMUNICIPALIDAD PROVINCIAL DEL CUSCO _cBIBLIOTECA MUNICIPAL DEL CUSCO |
||
| 082 |
_a160 / _bR81 |
||
| 100 |
_aRomero, Francisco _910711 |
||
| 245 |
_aLógica y nociones de teoría del conocimiento : _bManual adaptado a los programas de enseñanza vigentes / |
||
| 260 |
_aBuenos Aires : _bEspasa - Calpe Argentina, _c1939. |
||
| 300 |
_a258 paginas ; _c26 cm. |
||
| 505 | _aContenido: El pensamiento y la logica -- Los principios logicos -- El concepto -- El juicio -- La definición... | ||
| 650 |
_aLogica _92358 |
||
| 650 |
_aFilosofia _9395 |
||
| 650 |
_aLiteratura _983 |
||
| 700 |
_aPucciarelli, Eugenio _939287 |
||
| 942 |
_2ddc _cLIBROS |
||
| 945 | _arcc | ||